000 00326nmm a2200145 a 4500
003 AR-BaBNM
005 20251128202651.0
008 013119s[18- ||||||||||||||000 | spa||
040 _cAR-BaBNM
100 1 _aCain, Georges
245 1 0 _aA travers phris
260 _a[S.l.]
_bFlammarion
_c[18--]
942 _cBK
998 _cJacobzon
999 _c49
_d49